Khazanah Bahasa:Sinonim dan Antonim UPSR
| Main Author: | |
|---|---|
| Format: | Book |
| Published: |
Petaling Jaya,Selangor :
Pearson Malaysia Sdn.Bhd. ,
2004
|
| Subjects: |
MARC
| LEADER | 00000cam a2200000 7i4500 | ||
|---|---|---|---|
| 001 | 0000064111 | ||
| 005 | 20081224.0 | ||
| 008 | 081224 bm | ||
| 020 | |a 9837429607 | ||
| 090 | 0 | 0 | |a JR 499.282 SAI |
| 100 | 1 | |a Saifullah Sharipuddin | |
| 245 | 1 | 0 | |a Khazanah Bahasa:Sinonim dan Antonim UPSR |c Saifullah Sharipuddin |
| 260 | |a Petaling Jaya,Selangor : |b Pearson Malaysia Sdn.Bhd. , |c 2004 | ||
| 300 | |a xxiv,279p. : |b ill. ; |c 21cm. | ||
| 650 | 0 | 0 | |a Synonyms and Antonyms |
| 999 | |a 212266 |b Buku |c Rujukan Kanak-Kanak |e Perbadanan Perpustakaan Awam Melaka | ||